Detalles MARC
| 000 -LIDER |
| fixed length control field |
01175cam a2200361 i 4500 |
| 001 - NÚMERO DE CONTROL |
| Identificador de número de control |
0000514 |
| 003 - IDENTIFICACDOR DE NÚMERO DE CONTROL |
| control field |
DO-SdBNP |
| 005 - DATE AND TIME OF LATEST TRANSACTION |
| control field |
20240718090900.0 |
| 007 - CAMPOS FIJOS DE DESCRIPCIÓN FÍSICA |
| fixed length control field |
0000514 |
| 008 - ELEMENTOS DE LONGITUD FIJA |
| fixed length control field |
100514s 2008 sp c |||| 000 f spa |
| 015 ## - NÚMERO DENTRO DE LA BIBLIOGRAFÍA NACIONAL |
| National bibliography number |
|
| 017 ## - NÚMERO DE REGISTRO DE DERECHOS DE AUTOR |
| Copyright or legal deposit number |
|
| Assigning agency |
|
| 020 ## - ISBN |
| International Standard Book Number |
9788466321020 |
| 035 ## - NÚMERO LOCAL |
| System control number |
|
| 040 ## - FUENTE DE CATALOGACIÓN |
| Agencia que crea de manera original el registro |
BPMSU |
| Idioma de catalogación |
spa |
| Agencia que realiza la transcripción |
BPMSU |
| Convenciones de la despripción |
|
| 080 ## - NÚMERO DE CLASIFICACIÓN DECIMAL UNIVERSAL |
| Universal Decimal Classification number |
|
| 082 #4 - NÚMERO DE CLASIFICACIÓN DECIMAL DE DEWEY |
| Classification number |
928.69 |
| Item number |
S243p 2008 |
| Edition number |
22 |
| 100 1# - ASIENTO PRINCIPAL -- NOMBRE PERSONAL |
| Nombre personal |
Saramago, José |
| Fechas asociadas con el nombre |
1922- |
| 245 14 - MENCIÓN DE TITULO |
| Título |
Las pequeñas memorias / |
| Mención de responsabilidad |
José Saramago ; traducción Pilar del Río |
| Medio (Designación general de material) |
|
| 260 ## - PUBLICACIÓN, DISTRIBUCIÓN, ETC. (PIE DE IMPRENTA) |
| Lugar de publicación, distribución, etc |
Madrid : |
| Nombre del editor, distribuidor, etc. |
Santillana Ediciones Generales, |
| Fecha de publicación, distribución, etc |
2008 |
| 300 ## - DESCRIPCIÓN FÍSICA |
| Extensión |
140 p.: |
| Otros detalles físicos |
il., retrs., |
| Dimensiones |
22 cm |
| 490 0# - MENCIÓN DE SERIES |
| Mención de serie |
Punto de lectura, |
| Volume/sequential designation |
3/16 |
| 500 ## - NOTA GENERAL |
| Nota general |
Incluye datos biográficos del autor. |
| 500 ## - NOTA GENERAL |
| Nota general |
Título original en protugués: As pequenas memórias. |
| 534 ## - NOTA SOBRE LA VERSIÓN ORIGINAL |
| Frase introductoria |
Título original : |
| Mención del título original |
As pequenas memórias |
| 586 ## - AWARDS NOTE |
| Awards note |
Premio Nobel de Literatura. 1998 |
| 590 ## - NOTA LOCAL |
| Texto de la nota local |
Inventariado, 2024/VM |
| 600 14 - ENCABEZAMIENTO DE MATERIA--NOMBRE PERSONAL |
| Nombre personal |
Saramago, José |
| Fechas asociadas con el nombre |
1922-2010 |
| Subdivisión de forma |
Autobiografías |
| 650 #4 - ENCABEZAMIENTO DE MATERIA--TEMÁTICO |
| Término temático o nombre geográfico como elemento de entrada |
Autores portugueses |
| Fechas activas |
1922-2010 |
| Subdivisión de forma |
Autobiografías |
| 700 1# - ASIENTO SECUNDARIO -- NOMBRE PERSONAL |
| Nombre personal |
Río, Pilar del |
| Mención de responsabilidad |
traductor |
| 910 ## - VALIDACIÓN |
| Validación |
VMateo V. Control de calidad. BPMSU |
| 942 ## - ADDED ENTRY ELEMENTS (KOHA) |
| Source of classification or shelving scheme |
Dewey Decimal Classification |
| Koha item type |
Libros |